000 00285nam a22001337a 4500
008 170619b xxu||||| |||| 00| 0 eng d
020 _a0582286778
041 _aeng
080 _a32
100 _a20
101 _aSHP
245 _aCONFLICT OF INTERESTS
_cSPRING,J
942 _2udc
_cBK
999 _c18132
_d18132